Discrimination, Religious Coping, and Tobacco Use Among White, African American, and Mexican American Vocational School Students
This study examined whether religious coping moderates the impact of racial/ethnic discrimination on current (past 30 day) cigarette and cigar/cigarillo use among a racially/ethnically diverse sample of 984 technical/vocational school students (47.1% women; mean age = 25 years). Results indicate tha...
| Authors: | ; |
|---|---|
| Format: | Electronic Article |
| Language: | English |
| Check availability: | HBZ Gateway |
| Interlibrary Loan: | Interlibrary Loan for the Fachinformationsdienste (Specialized Information Services in Germany) |
| Published: |
[2013]
|
| In: |
Journal of religion and health
Year: 2013, Volume: 52, Issue: 1, Pages: 169-183 |
| Further subjects: | B
Religious Coping
B Cigarette Smoking B Vocational student B Mexican American B racial discrimination B African American |
| Online Access: |
Presumably Free Access Volltext (Resolving-System) |
MARC
| LEADER | 00000naa a22000002c 4500 | ||
|---|---|---|---|
| 001 | 1668735601 | ||
| 003 | DE-627 | ||
| 005 | 20190708111338.0 | ||
| 007 | cr uuu---uuuuu | ||
| 008 | 190708s2013 xx |||||o 00| ||eng c | ||
| 024 | 7 | |a 10.1007/s10943-011-9462-z |2 doi | |
| 035 | |a (DE-627)1668735601 | ||
| 035 | |a (DE-599)KXP1668735601 | ||
| 040 | |a DE-627 |b ger |c DE-627 |e rda | ||
| 041 | |a eng | ||
| 084 | |a 0 |2 ssgn | ||
| 100 | 1 | |a Horton, Karissa D. |e VerfasserIn |4 aut | |
| 245 | 1 | 0 | |a Discrimination, Religious Coping, and Tobacco Use Among White, African American, and Mexican American Vocational School Students |c Karissa D. Horton |
| 264 | 1 | |c [2013] | |
| 336 | |a Text |b txt |2 rdacontent | ||
| 337 | |a Computermedien |b c |2 rdamedia | ||
| 338 | |a Online-Ressource |b cr |2 rdacarrier | ||
| 520 | |a This study examined whether religious coping moderates the impact of racial/ethnic discrimination on current (past 30 day) cigarette and cigar/cigarillo use among a racially/ethnically diverse sample of 984 technical/vocational school students (47.1% women; mean age = 25 years). Results indicate that discrimination increased the likelihood of current cigarette use among African American students and current cigar/cigarillo use among white and African American students. Positive religious coping decreased the likelihood of cigarette and cigar/cigarillo smoking for white students only. Negative religious coping increased the likelihood of cigarette use for white students and cigar/cigarillo use for white and African American students. Two 2-way interactions indicate that positive and negative religious coping moderate the discrimination-cigarette smoking relationship for African American and Mexican American students, respectively. | ||
| 601 | |a Student | ||
| 650 | 4 | |a African American | |
| 650 | 4 | |a Cigarette Smoking | |
| 650 | 4 | |a Mexican American | |
| 650 | 4 | |a racial discrimination | |
| 650 | 4 | |a Religious Coping | |
| 650 | 4 | |a Vocational student | |
| 700 | 1 | |a Loukas, Alexandra |e VerfasserIn |4 aut | |
| 773 | 0 | 8 | |i Enthalten in |t Journal of religion and health |d New York, NY [u.a.] : Springer Science + Business Media B.V., 1961 |g 52(2013), 1, Seite 169-183 |h Online-Ressource |w (DE-627)320578089 |w (DE-600)2017250-3 |w (DE-576)121466191 |x 1573-6571 |7 nnas |
| 773 | 1 | 8 | |g volume:52 |g year:2013 |g number:1 |g pages:169-183 |
| 856 | |u https://www.ncbi.nlm.nih.gov/pmc/articles/8117250 |x unpaywall |z Vermutlich kostenfreier Zugang |h repository [deprecated] | ||
| 856 | 4 | 0 | |u https://doi.org/10.1007/s10943-011-9462-z |x Resolving-System |3 Volltext |7 1 |
| 951 | |a AR | ||
| ELC | |a 1 | ||
| ITA | |a 1 |t 1 | ||
| LOK | |0 000 xxxxxcx a22 zn 4500 | ||
| LOK | |0 001 3491881641 | ||
| LOK | |0 003 DE-627 | ||
| LOK | |0 004 1668735601 | ||
| LOK | |0 005 20190708111338 | ||
| LOK | |0 008 190708||||||||||||||||ger||||||| | ||
| LOK | |0 040 |a DE-Tue135 |c DE-627 |d DE-Tue135 | ||
| LOK | |0 092 |o n | ||
| LOK | |0 852 |a DE-Tue135 | ||
| LOK | |0 852 1 |9 00 | ||
| LOK | |0 935 |a ixzs |a ixzo |a rwrk | ||
| LOK | |0 939 |a 08-07-19 |b l01 | ||
| OAS | |a 1 | ||
| ORI | |a SA-MARC-ixtheoa001.raw | ||
| REL | |a 1 | ||
| SUB | |a REL | ||



